Herb or Spice? Quiz Stats

Quiz Updated Apr 29, 2015

Also try: Clickably Spicy
Challenge
Share
Tweet
Embed
Score 0/26 Timer 04:00
0 Plays Today
Clue Herb (H) or Spice (S)? % Correct
Parsley???
95%
Basil???
94.7%
Cinnamon???
94.5%
Rosemary???
93.4%
Mint???
93.1%
Paprika???
92%
Nutmeg???
91.9%
Thyme???
91.9%
Allspice???
91.9%
Pepper???
91.7%
Sage???
90.7%
Bay Leaf???
90.5%
Cumin???
89.7%
Clue Herb (H) or Spice (S)? % Correct
Chives???
89.6%
Oregano???
88.5%
Cilantro???
86.5%
Cardamom???
84%
Mustard???
83.8%
Vanilla???
83.8%
Ginger???
83.3%
Anise???
79.9%
Caraway???
75.1%
Saffron???
74.1%
Clove???
72.8%
Tarragon???
70.3%
Marjoram???
62.4%

You're not logged in!

Compare scores with friends on all Sporcle quizzes.
Sign Up with Email
OR
Log In

You Might Also Like...

Show Comments

Extras

Top Quizzes Today


Score Distribution

Your Account Isn't Verified!

In order to create a playlist on Sporcle, you need to verify the email address you used during registration. Go to your Sporcle Settings to finish the process.